=LDR 00000nam 2200000 4500 =001 INLIS000000000022807 =005 20130612121527 =008 ***********************************Ind** =035 ##$$0010-061300000022807 =041 ##$$a Ind =082 ##$$a 297.72 =090 ##$$a 297.72, Azi i =100 ##$$a Aziz, moh. Ali =245 ##$$a Imu dakwah, Moh. Ali Aziz =260 ##$$a 2000 $b Jakarta =300 ##$$a iii, 246 hlm, ilus, 23 cm =650 ##$$a Dakwah islam =850 ##$$a NBPNMAT